00421nam a2200157Ia 4500003000900000008004100009040001600050080002100066245005200087250001300139260003800152300001100190650001900201650001900220700002400239IN-BaIIA211028s9999 xx 000 0 eng d cIIA Library a058(540)bMAN-14 0aManorama yearbook 2014cedited by Mammen Mathew a49th ed. aKottayambMalayala Manoramac2014 a1038p. aIndia-Yearbook aYearbook-India aMathew, Mammen. ed.